Catálogo - Centro de Recursos para el Aprendizaje y la Investigación

Volver al Sitio - CRAI Biblioteca

La madurez de los pueblos exige tiempo / (Registro nro. 114095)

Detalles MARC
000 -CABECERA
campo de control de longitud fija 01140nam a2200289 4500
001 - NÚMERO DE CONTROL
campo de control 114095
003 - IDENTIFICADOR DEL NÚMERO DE CONTROL
campo de control DR-UNIBE
005 - FECHA Y HORA DE LA ÚLTIMA TRANSACCIÓN
campo de control 20250922095354.0
008 - DATOS DE LONGITUD FIJA--INFORMACIÓN GENERAL
campo de control de longitud fija 250922b2006 dr ||||| |||| 00| 0 spa d
020 ## - NÚMERO INTERNACIONAL ESTÁNDAR DEL LIBRO
Número Internacional Estándar del Libro 9945859102
040 ## - FUENTE DE LA CATALOGACIÓN
Centro catalogador/agencia de origen BIBLIOTECA UNIBE
Lengua de catalogación spa
Centro/agencia transcriptor BIBLIOTECA UNIBE
Normas de descripción rda
041 ## - CÓDIGO DE LENGUA
Código de lengua del texto/banda sonora o título independiente spa
082 ## - NÚMERO DE LA CLASIFICACIÓN DECIMAL DEWEY
Número de edición 22
Número de clasificación RD 864.4 A742m
100 10 - ENTRADA PRINCIPAL--NOMBRE DE PERSONA
Nombre de persona Arnaiz, Francisco José, S. J.,
Fechas asociadas al nombre 1925-2014
9 (RLIN) 31996
Término indicativo de función/relación autor
245 13 - MENCIÓN DE TÍTULO
Título La madurez de los pueblos exige tiempo /
Mención de responsabilidad, etc. Francisco José Arnaiz
250 ## - MENCIÓN DE EDICIÓN
Mención de edición Primera edición
260 ## - PUBLICACIÓN, DISTRIBUCIÓN, ETC.
Lugar de publicación, distribución, etc. Santo Domigo :
Nombre del editor, distribuidor, etc. Banreservas ,
Fecha de publicación, distribución, etc. 2006
300 ## - DESCRIPCIÓN FÍSICA
Extensión 417 páginas :
Otras características físicas fotografía b/n ;
Dimensiones 23 x 14 cm
500 ## - NOTA GENERAL
Nota general Información del autor en la solapas
650 #7 - PUNTO DE ACCESO ADICIONAL DE MATERIA--TÉRMINO DE MATERIA
Fuente del encabezamiento o término lemb
Término de materia o nombre geográfico como elemento de entrada Modales y costumbres
Subdivisión general Ensayos
9 (RLIN) 199342
650 #7 - PUNTO DE ACCESO ADICIONAL DE MATERIA--TÉRMINO DE MATERIA
Fuente del encabezamiento o término lemb
Subdivisión geográfica República Dominicana
Subdivisión general Ensayos
9 (RLIN) 199343
700 10 - PUNTO DE ACCESO ADICIONAL--NOMBRE DE PERSONA
Nombre de persona Pinales, Jorge
9 (RLIN) 199340
Término indicativo de función/relación fotógrafo de portada
700 10 - PUNTO DE ACCESO ADICIONAL--NOMBRE DE PERSONA
Nombre de persona León de Saleme, Ninón
9 (RLIN) 144875
Término indicativo de función/relación diseñadpr
-- arte final
700 10 - PUNTO DE ACCESO ADICIONAL--NOMBRE DE PERSONA
Nombre de persona Chez Checo, José
Forma completa/desarrollada del nombre (Chez Checo, José Felipe),
Fechas asociadas al nombre 1949-
9 (RLIN) 193932
Término indicativo de función/relación cuidado de la edición
-- corrector de pruebas
700 10 - PUNTO DE ACCESO ADICIONAL--NOMBRE DE PERSONA
Nombre de persona Toribio, Daniel
9 (RLIN) 157372
Término indicativo de función/relación Presentación
942 ## - ELEMENTOS DE PUNTO DE ACCESO ADICIONAL (KOHA)
Fuente del sistema de clasificación o colocación Sistema de Clasificación Decimal Dewey
Tipo de ítem Koha Libro (general)
Existencias
Estado de retiro Estado de pérdida Fuente del sistema de clasificación o colocación No para préstamo Código de colección Localización permanente Fecha de adquisición Total de préstamos Signatura topográfica completa Código de barras Fecha visto por última vez Número de copia Precio válido a partir de Tipo de ítem Koha
  Disponible Sistema de Clasificación Decimal Dewey   General - Libros dominicanos Biblioteca Central UNIBE 22/09/2025   RD 864.4 A742m 2006 251031 22/09/2025 Ej. 1 22/09/2025 Libro (general)